Materialidad y semilla / (Record no. 23170)

000 -CABECERA
fixed length control field 00612nam a22001577i 4500
003 - IDENTIFICADOR DEL NÚMERO DE CONTROL
control field AR-CdUCM
008 - DATOS DE LONGITUD FIJA--INFORMACIÓN GENERAL
fixed length control field 250120b20162016 pe||||| |||| 00| 0 spa d
040 ## - FUENTE DE LA CATALOGACIÓN
Agencia/entidad que catalogó originalmente la obra MUNICIPALIDAD PROVINCIAL DEL CUSCO
Entidad que transcribió la catalogación BIBLIOTECA MUNICIPAL DEL CUSCO
100 ## - ENTRADA PRINCIPAL--NOMBRE DE PERSONA
Nombre Personal Ríos Zamalloa, Jorge
245 ## - MENCIÓN DE TÍTULO
Título Materialidad y semilla /
260 ## - PUBLICACIÓN, DISTRIBUCIÓN, ETC.
Lugar de publicación, distribución, etc. Cusco :
Fecha de publicación, distribución, etc. 2016
300 ## - DESCRIPCIÓN FÍSICA
Nº de Páginas Extensión 160 páginas. :
Dimensiones 20x15 cm.
505 ## - NOTA DE CONTENIDO CON FORMATO
Nota de contenido formateada Carne y vida unidas hasta nomas -- El Ch'unchoy -- El Andino Mamani -- El pasado -- La mujer cara de diosa -- La evolución -- La violencia de Cleofé -- Mi árbol
942 ## - ELEMENTOS DE PUNTO DE ACCESO ADICIONAL (KOHA)
Fuente de clasificación
Tipo de item Libros-BMC
945 ## - PROCESAMIENTO DE INFORMACIÓN LOCAL (OCLC)
Catalogador pbjr
AAAA-MM-DD - Fecha de ingreso o modificacion 20-01-2025

No items available.

Powered by Koha